=LDR 00000nam 2200000 4500 =247 ##$$a =856 ##$$a =700 #$$a =650 #$$a Tata Kelola Pemberian Courtesy =520 #$$a Proyek perubahan ini menawarkan sebuah solusi untuk merapikan tata kelola pemberian courtesy bagi tamu negara dalam kunjungannya di Indonesia, termasuk dalam pertemuan internasional. Dengan adanya Peraturan Presiden yang mengatur Pemberian Courtesy pada penerimaan tamu negara dalma pertemuan internasional di Indonesia di jangka panjang adalah diharapkan pelaksanaan pemberian courtesy pada penerimaan tamu negara berjalan baik, efektif, efisien, dan berdampak bagi kepemimpinan Indonesia di dunia internasional. =321 ##$$a =310 ##$$a =300 ##$$a 45 hlm. : $b ill. ; $c 30 cm $e =260 ##$$a Jakarta : $b Pusbangkom Pimnas dan Manajerial ASN. ; $c 2024 =001 $a INLIS000000000020889 =245 ##$$a Pengembangan Ekosistem Tata Kelola Pemberian Courtesy Pada Penerimaan Tamu Negara Dalam Pertemuan Internasional di Indonesia $b $c Noviyanti =100 #$$a Noviyanti =084 ##$$a R 0161 PKN II 2024 =082 ##$$a =035 ##$$a 0010-0426000046 =020 ##$$a =008 $a 260427################g##########0#ind## =005 $a 20260427150752